000 00472nam a22001577a 4500
082 _aBEE-3 AAZ
100 _aSyed Muhammad Aazem
_992860
245 _aCartomatic
260 _aIslamabad
_bNUST-SEECS
_c2015
300 _a41p.
_eSoftcopy Present
500 _aSupervisors: Dr. Salman Abdul Ghafoor, Dr. Ahmed Salman
700 _aAbdullah Abeer
_992861
700 _aAhsan Javed
_992862
856 _u http://10.250.8.41:8080/xmlui/handle/123456789/9272
942 _cPR
_2ddc
999 _c13304
_d13304